| 000 | 00360 a2200157 4500 | ||
|---|---|---|---|
| 001 | 56966 | ||
| 020 | _a8502039172 | ||
| 040 | _cAnchieta - Pituba | ||
| 100 | _aNicolelis, Giselda Laporta | ||
| 240 | 1 | 0 |
_aNão se esqueçam da rosa _lpor |
| 245 | 1 | 0 | _aNão se esqueçam da rosa |
| 300 | _a61 | ||
| 362 | 0 | _a2002 | |
| 650 | 4 | _aLiteratura juvenil | |
| 942 | _cBK | ||
| 999 |
_c56966 _d56966 |
||